• 首页
  • 本馆介绍
  • 公告通知
  • 最新文献
  • 馆藏检索
  • 电子资源
  • 读者导购
  • 参考咨询
  • 我的图书馆
  • 登录
  • 详细信息显示
  • 放入我的书架
  • 预约/预借图书
  • 作者相关作品
  • 分类相关作品
  • 丛书相关作品
  • 出版社相关作品

书目信息

  • 表格格式
  • 工作单格式
  • 卡片格式
书名: Nuclear fission reactors
作者: I.R. Cameron.
分册号:
分册名:
出版地: New York :
 
出版社: Plenum Press
出版时间: c1982.
页数: ix, 389 p. :
开本: 24 cm.
丛书名:
中图分类号:
科图分类号:
其他分类号: TL4:H31
主题词:
电子资源:
000 00809cam a2200277 a 450
001 E0731833924
005 20070303085236.96
008 820923s1982 nyua b 001 0 eng
010    @a82018128
020    @a0306410737.
035    @A(DLC) 82018128
040    @aDLC@cDLC@dDLC
050 00 @aTK9202@b.C17 1982
082 00 @a621.48/3@2 19
090    @aTL4:H31
099    @dTL4:H31@ex13
100 1  @aCameron, I. R.
245 10 @aNuclear fission reactors / @cI.R. Cameron.
260    @aNew York :@bPlenum Press,@cc1982.
300    @aix, 389 p. :@bill. ;@c24 cm.
500    @aIncludes index.
500    @aBibliography: p. 375-381.
650  0 @aNuclear energy.
650  0 @aNuclear reactors.
906    @a7@bcbc@corignew@d1@eocip@f19@gy-gencatlg
991    @bc-GenColl@hTK9202@i.C17 1982@tCopy 1@wBOOKS
    
    Nuclear fission reactors / / I.R. Cameron.-New York : : Plenum Press, , c1982.
    ix, 389 p. : : ill. ; ; 24 cm.
    Includes index.-Bibliography: p. 375-381.
    
    ISBN 0306410737.
    
●
相关链接 在E读中查询图书 在五车中查询图书 在当当中查询图书 在豆瓣中查询图书


正题名:Nuclear fission reactors     索取号:TL4:H31/x13         预约/预借

序号 登录号 条形码 馆藏地/架位号 状态 备注
1 136998   202458438   第四借阅区/ [索取号:TL4:H31/x13] 在馆    
2 136999   202458456   第四借阅区/ [索取号:TL4:H31/x13] 在馆    
3 137000   202458447   第四借阅区/ [索取号:TL4:H31/x13] 在馆    
4 137001   202460461   第四借阅区/ [索取号:TL4:H31/x13] 在馆    
5 137002   202460470   第四借阅区/ [索取号:TL4:H31/x13] 在馆    
唐山师范学院图书馆 欢迎您!
大连网信软件有限公司© 版权所有